Jackie Derrida: retrato de memoria
保存先:
| 第一著者: | |
|---|---|
| フォーマット: | 図書 |
| 言語: | スペイン語 |
| 出版事項: |
Bogotá
Siglo del Hombre
2007
|
| シリーズ: | Colección Espacios. Filosofía
|
| 主題: | |
| タグ: |
タグ追加
タグなし, このレコードへの初めてのタグを付けませんか!
|
MARC
| LEADER | 00000nam a2200000 a 4500 | ||
|---|---|---|---|
| 001 | UCI7716 | ||
| 003 | CL-VaPUC | ||
| 008 | 080718e20070000CK |||||||||||||||||spa|d | ||
| 020 | |a 9789586650977 | ||
| 082 | 0 | 4 | |a 921.4 |b FER |2 21 |
| 100 | 0 | |a Ferraris, Maurizio |e author |9 531005 | |
| 245 | 1 | 0 | |a Jackie Derrida: retrato de memoria |
| 300 | |a 91 p | ||
| 942 | |c BK | ||
| 945 | |d 20080718 00:00:00 |a jtorresc | ||
| 260 | |a Bogotá |b Siglo del Hombre |c 2007 | ||
| 600 | 0 | |a Derrida, Jacques |d 1930-2004 |9 449254 | |
| 650 | 0 | |a Biografías |9 255210 | |
| 650 | 0 | |a Filósofos franceses |9 314621 | |
| 583 | |a last modification |c 20080718 00:00:00 |k Rodrigo Vera | ||
| 490 | 0 | |a Colección Espacios. Filosofía | |
| 999 | |c 330899 |d 330897 | ||
| 952 | |0 0 |1 0 |4 0 |6 921_400000000000000_FER_2007 |7 0 |8 A |9 416819 |a BIBEDU |b BIBEDU |d 2019-11-22 |i 4458974 |o 921.4 FER 2007 |p 4458974 |r 2019-11-22 |w 2019-11-22 |y BK |k FIL | ||